000 00353nam a2200133Ia 4500
008 240624s9999 xx 000 0 und d
041 _aeng
082 _a519.5 AND
100 _aANDERSON
245 _aSTATISTICS FOR BUSINESS AND ECONOMICS
250 _a(9th ed.)
260 _c2007
_aNew Delhi
_bCengage Learning
300 _axxv, , 1021 , 27 : p. : cm.
999 _c20370
_d20370